000 00650nam a2200205Ia 4500
005 20250508164439.0
008 008 250505s9999 xx 000 0 eng d
037 _aReference
040 _aFEDL
_beng
_cFEDL
041 _aeng
_2eng
084 _a372, NAT
_qFEDL
100 _aMehta Arun C
_9442761
245 0 _aElementary education in Urban India: Where do we Stand?: Analytical tables 2004
245 0 _cNUEPA
260 _aNew Delhi, India
_bNational Institute of Educational Planning and Administration
_c2005
300 _axvi,218p.
650 _aElementary education
942 _cREF
_h372, NAT
999 _c1389190
_d1389190